000
00300nam a22001457a 4500
003
SGT
082
_a
616.01
_b
M17B
100
_a
BAVEJA, C.P.
245
_a
MEDICAL PARASITOLOGY
250
_a
4TH
260
_a
INDIA
_b
ARYA PUB
_c
2017
300
_a
224
650
_a
MICROBIOLOGY
942
_2
ddc
_c
BK
_0
6
999
_c
14149
_d
14149